LIBRARY & INFORMATION CENTRE, KCAET, TAVANUR

ONLINE PUBLIC ACCESS CATALOGUE (OPAC)

Development of a portable cold extruder for value added products / (Record no. 18102)

MARC details
000 -LEADER
fixed length control field 00478nam a2200169 4500
003 - CONTROL NUMBER IDENTIFIER
control field OSt
082 ## - DEWEY DECIMAL CLASSIFICATION NUMBER
Classification number 664
Item number ABH/DE
088 ## - REPORT NUMBER
Report number P 624
100 ## - MAIN ENTRY--AUTHOR NAME
Personal name Abhinav Nair
245 ## - TITLE STATEMENT
Title Development of a portable cold extruder for value added products /
260 ## - PUBLICATION, DISTRIBUTION, ETC. (IMPRINT)
Place of publication Tavanur :
Name of publisher Departmentof Processing and Food Engineering,
Year of publication 2024.
700 ## - ADDED ENTRY--PERSONAL NAME
Personal name Haseeba Rahiman
700 ## - ADDED ENTRY--PERSONAL NAME
Personal name Sandra Suresh
700 ## - ADDED ENTRY--PERSONAL NAME
Personal name Nimmya N
700 ## - ADDED ENTRY--PERSONAL NAME
Personal name Prince M V (Guide)
942 ## - ADDED ENTRY ELEMENTS (KOHA)
Koha item type Project Report
Holdings
Collection code Home library Current library Full call number Accession Number Koha item type
Reference KAUAET KAUAET 664 ABH/DE P 624 Project Report
free website counter